Freedom's daughter : (Record no. 26570)
[ view plain ]
| 000 -LEADER | |
|---|---|
| fixed length control field | 01047nam a2200301 a 4500 |
| 001 - CONTROL NUMBER | |
| control field | 26570 |
| 003 - CONTROL NUMBER IDENTIFIER | |
| rucl marc code | BD-RjUL |
| 005 - DATE AND TIME OF LATEST TRANSACTION | |
| control field | 20211209051032.0 |
| 008 - FIXED-LENGTH DATA ELEMENTS--GENERAL INFORMATION | |
| fixed length control field | 140322s1989 enkaf 001 0 eng d |
| 020 ## - INTERNATIONAL STANDARD BOOK NUMBER | |
| International Standard Book Number | 0340430427 : |
| 035 ## - SYSTEM CONTROL NUMBER | |
| System control number | (BD-RjUL)26640 |
| System control number | (OCoLC)18071021 |
| 040 ## - CATALOGING SOURCE | |
| Original cataloging agency | Uk |
| Transcribing agency | Uk |
| Modifying agency | OColC |
| -- | DLC |
| -- | ICIU |
| -- | DLC |
| -- | BD-RjUL |
| Language of cataloging | eng |
| 041 ## - LANGUAGE CODE | |
| Language code of text/sound track or separate title | eng |
| 082 04 - DEWEY DECIMAL CLASSIFICATION NUMBER | |
| Classification number | 954.040924 |
| Edition number | 19 |
| Author mark and year | FRE 1989 |
| 245 10 - TITLE STATEMENT | |
| Title | Freedom's daughter : |
| Remainder of title | letters between Indira Gandhi and Jawaharlal Nehru, 1922-39 / |
| Statement of responsibility, etc. | edited by Sonia Gandhi. |
| 260 ## - PUBLICATION, DISTRIBUTION, ETC. (IMPRINT) | |
| Place of publication, distribution, etc. | London : |
| Name of publisher, distributor, etc. | Hodder and Stoughton, |
| Date of publication, distribution, etc. | 1989. |
| 300 ## - PHYSICAL DESCRIPTION | |
| Pagination | 483 p., [12] p. of plates : |
| Illustrations | ill. ; |
| Size | 25 cm. |
| 504 ## - BIBLIOGRAPHY, ETC. NOTE | |
| Bibliography, etc | Includes index. |
| 600 10 - SUBJECT ADDED ENTRY--PERSONAL NAME | |
| Personal name | Gandhi, Indira, |
| Dates associated with a name | 1917-1984 |
| General subdivision | Correspondence. |
| Personal name | Nehru, Jawaharlal, |
| Dates associated with a name | 1889-1964 |
| General subdivision | Correspondence. |
| 650 #0 - SUBJECT ADDED ENTRY--TOPICAL TERM | |
| Topical term or geographic name as entry element | Prime ministers |
| Geographic subdivision | India |
| General subdivision | Correspondence. |
| 9 (RLIN) | 81720 |
| 700 1# - ADDED ENTRY--PERSONAL NAME | |
| Personal name | Gandhi, Sonia, |
| Dates associated with a name | 1946- |
| Personal name | Nehru, Jawaharlal, |
| Dates associated with a name | 1889-1964. |
| 942 ## - ADDED ENTRY ELEMENTS (KOHA) | |
| Source of classification or shelving scheme | Dewey Decimal Classification |
| Koha item type | Books |
| Lost status | Source of classification or shelving scheme | Damaged status | Not for loan | Collection code | Permanent Location | Current Location | Shelving location | Date acquired | Source of acquisition | Cost, normal purchase price | Total Checkouts | Full call number | Date last seen | Copy number | Koha item type |
|---|---|---|---|---|---|---|---|---|---|---|---|---|---|---|---|
| Dewey Decimal Classification | Added to bundle | Non-fiction | Central Library, University of Rajshahi | Central Library, University of Rajshahi | Reading Room | 24/06/1996 | Vidyasagor Dacca | 25.00 | 954.040924 FRE 1989 | 22/03/2014 | C-1 | Books |